[Event "IV Open A Carnevale"]
[Site "Viareggio ITA"]
[Date "1999.02.19"]
[Round "2"]
[White "Ferraro, Francesco"]
[Black "Carnio, Fortunato"]
[Result "1-0"]
[WhiteElo "2044"]
[BlackElo "1647"]
[PlyCount "103"]
[EventDate "1999.02.19"]

1. d4 f5 2. g3 Nf6 3. Bg2 e6 4. c4 Be7 5. Nf3 d6 6. b3 O-O 7. Bb2 Qe8 8. Nc3 c6
9. O-O Nbd7 10. Re1 Qh5 11. Nd2 e5 12. dxe5 dxe5 13. e3 Qh6 14. Ne2 Rd8 15. Qc2
Nc5 16. Ba3 Ng4 17. Nf1 e4 18. Red1 b6 19. Rxd8+ Bxd8 20. Bxc5 bxc5 21. Rd1 Be7
22. Qc3 a5 23. a4 Bf6 24. Qc2 Bg5 25. h4 Be7 26. Nf4 g5 27. hxg5 Bxg5 28. Qd2
Ne5 29. Qd6 Bxf4 30. gxf4 Qxd6 31. Rxd6 Nd3 32. Rxc6 Rb8 33. Nd2 Kf7 34. Bf1
Bd7 35. Rc7 Ke6 36. Bxd3 exd3 37. Rxc5 Bxa4 38. bxa4 Rb2 39. Nf3 d2 40. Nxd2
Rxd2 41. Rxa5 Rc2 42. Re5+ Kf6 43. Rc5 Ra2 44. a5 h5 45. Rc6+ Ke7 46. Rc5 Ke6
47. Re5+ Kf6 48. Kg2 Kg6 49. Rb5 Kf6 50. Kg3 Ke7 51. a6 Kd8 52. c5 1-0

[Event "IV Open A Carnevale"]
[Site "Viareggio ITA"]
[Date "1999.02.19"]
[Round "2"]
[White "Mautone, Valerio"]
[Black "Ficco, Corrado"]
[Result "0-1"]
[WhiteElo "1705"]
[BlackElo "2193"]
[PlyCount "60"]
[EventDate "1999.02.19"]

1. e4 c5 2. Nf3 e6 3. d4 cxd4 4. Nxd4 Nf6 5. Nc3 Nc6 6. Bc4 Bb4 7. Nxc6 bxc6 8.
Qe2 d5 9. exd5 cxd5 10. Bb5+ Bd7 11. Bd2 O-O 12. O-O Bxb5 13. Qxb5 Rb8 14. Qd3
d4 15. Na4 Bxd2 16. Qxd2 Qd5 17. b3 Rbc8 18. f3 Rfd8 19. Nb2 Qc5 20. Nc4 Nd5
21. Rfe1 Nb6 22. Nxb6 axb6 23. Qd3 Qxc2 24. Qxc2 Rxc2 25. Kf1 d3 26. Red1 g6
27. h3 e5 28. Rac1 Rc5 29. a3 f5 30. b4 e4 0-1

[Event "IV Open A Carnevale"]
[Site "Viareggio ITA"]
[Date "1999.02.19"]
[Round "2"]
[White "Metrangolo, Antonio"]
[Black "Brizzi, Carlo Alberto"]
[Result "1-0"]
[WhiteElo "1966"]
[BlackElo "1624"]
[PlyCount "71"]
[EventDate "1999.02.19"]

1. Nf3 d5 2. g3 Nd7 3. d4 Ngf6 4. Bg2 g6 5. c4 c6 6. O-O Bg7 7. b3 O-O 8. Bb2
Ne4 9. Nbd2 Nxd2 10. Qxd2 Nf6 11. Ne5 Be6 12. Rac1 Nd7 13. cxd5 cxd5 14. Nxd7
Qxd7 15. Qa5 b6 16. Qb4 Bh3 17. Bxh3 Qxh3 18. Rc7 Bf6 19. Rfc1 h5 20. Qb5 Rfd8
21. Qa6 h4 22. Rxa7 hxg3 23. hxg3 Rxa7 24. Qxa7 Kg7 25. Qb7 e6 26. Rc8 Rxc8 27.
Qxc8 Qg4 28. e3 Qd1+ 29. Kg2 Qb1 30. Ba3 Bg5 31. Qf8+ Kf6 32. Qh8+ Kf5 33. Qe5+
Kg4 34. f3+ Kh5 35. g4+ Kh6 36. Qh8# 1-0

[Event "IV Open A Carnevale"]
[Site "Viareggio ITA"]
[Date "1999.02.19"]
[Round "2"]
[White "Pieraccini, Riccardo"]
[Black "Pastorini, Mario"]
[Result "1/2-1/2"]
[WhiteElo "1660"]
[BlackElo "2161"]
[PlyCount "120"]
[EventDate "1999.02.19"]

1. d4 Nf6 2. g3 c5 3. Bg2 cxd4 4. Qxd4 Nc6 5. Qd1 g6 6. Nf3 Bg7 7. O-O O-O 8.
c3 d6 9. Nbd2 Qd7 10. Nb3 b6 11. Bg5 h6 12. Bxf6 Bxf6 13. Qd2 Bg7 14. Rac1 Bb7
15. Nbd4 Rac8 16. Rfd1 Kh7 17. Bh3 Rcd8 18. Bg2 a6 19. c4 Ne5 20. b3 Nxf3+ 21.
Nxf3 Ba8 22. Ne1 h5 23. Bxa8 Rxa8 24. Nd3 Bh6 25. e3 a5 26. Ne1 Rac8 27. Qd5
Bg7 28. Nf3 Qc6 29. Qxc6 Rxc6 30. Nd4 Rc5 31. Nb5 Rfc8 32. e4 Bh6 33. Rb1 a4
34. Rd5 axb3 35. axb3 Bg7 36. Rd2 Ra8 37. Kg2 Rcc8 38. Kf1 Ra5 39. Kg2 Kg8 40.
h3 Kf8 41. Kf1 Ke8 42. g4 hxg4 43. hxg4 Kd7 44. f4 Kc6 45. Rh2 Rh8 46. Rxh8
Bxh8 47. Kg2 Ra2+ 48. Kf3 Ra1 49. Rxa1 Bxa1 50. Na3 Bb2 51. Nc2 b5 52. Nb4+ Kb6
53. Nd5+ Kc5 54. cxb5 e6 55. b6 Kc6 56. Ne3 Bd4 57. Nc4 Bf6 58. f5 gxf5 59.
gxf5 exf5 60. exf5 d5 1/2-1/2

[Event "IV Open A Carnevale"]
[Site "Viareggio ITA"]
[Date "1999.02.19"]
[Round "2"]
[White "Tamburini, Lorenzo"]
[Black "Bondielli, Giorgio"]
[Result "0-1"]
[WhiteElo "1573"]
[BlackElo "1843"]
[PlyCount "78"]
[EventDate "1999.02.19"]

1. e4 c5 2. Nf3 d6 3. Bb5+ Bd7 4. Bxd7+ Nxd7 5. O-O g6 6. c3 Bg7 7. d4 cxd4 8.
cxd4 Ngf6 9. Qe2 O-O 10. b3 Rc8 11. Bb2 Qb6 12. Na3 Qc6 13. d5 Qc5 14. Rac1 Qb4
15. Rc4 Rxc4 16. Nxc4 Bh6 17. Nd4 Qc5 18. Nf3 Rc8 19. Bd4 Qc7 20. Be3 Bg7 21.
Bg5 b5 22. Na3 b4 23. Nc4 Nc5 24. Nfd2 a5 25. f3 a4 26. Qe3 axb3 27. axb3 Nh5
28. f4 Bc3 29. e5 Nxb3 30. exd6 exd6 31. Kh1 Nxd2 32. Nxd2 Ng7 33. g4 Re8 34.
Qd3 f5 35. h3 Qc5 36. Nf3 Re3 37. Qd1 Qc4 38. Bh4 b3 39. Bf2 Rxf3 0-1

[Event "IV Open A Carnevale"]
[Site "Viareggio ITA"]
[Date "1999.02.19"]
[Round "2"]
[White "Timpani, Nicola"]
[Black "Recano, Benito"]
[Result "1-0"]
[WhiteElo "2110"]
[BlackElo "1654"]
[PlyCount "97"]
[EventDate "1999.02.19"]

1. d4 d5 2. Nf3 Nf6 3. Bg5 Nbd7 4. Nbd2 e6 5. e4 dxe4 6. Nxe4 Be7 7. Bxf6 Nxf6
8. Bd3 O-O 9. Qd2 Qd5 10. c4 Nxe4 11. cxd5 Nxd2 12. Kxd2 exd5 13. Rhc1 c6 14.
a3 Bg4 15. Re1 Bf6 16. Ne5 Bh5 17. Nd7 Bg5+ 18. Kc2 Rfe8 19. b4 Bg6 20. Rab1
Bxd3+ 21. Kxd3 h6 22. g3 Re6 23. Rxe6 fxe6 24. b5 Be7 25. bxc6 bxc6 26. a4 Bd6
27. Rb7 a5 28. Rb6 Rc8 29. Ra6 Bb4 30. Nc5 e5 31. Nb3 exd4 32. Kxd4 c5+ 33.
Kxd5 c4 34. Na1 c3 35. Nc2 Rd8+ 36. Kc4 Rd2 37. Nxb4 axb4 38. Kxb4 c2 39. Rc6
Rxf2 40. a5 Kf7 41. Kb3 Rf5 42. a6 c1=Q 43. Rxc1 Ra5 44. Rc7+ Kf6 45. a7 g5 46.
Kb4 Ra1 47. Kb5 Ke6 48. Rc6+ Kd7 49. Ra6 1-0

[Event "IV Open A Carnevale"]
[Site "Viareggio ITA"]
[Date "1999.02.19"]
[Round "2"]
[White "Vezzosi, Paolo"]
[Black "Quercioli, Riccardo"]
[Result "1-0"]
[WhiteElo "2339"]
[BlackElo "1771"]
[PlyCount "63"]
[EventDate "1999.02.19"]

1. e4 c6 2. d4 d5 3. Nd2 dxe4 4. Nxe4 Bf5 5. Ng3 Bg6 6. Nf3 Nd7 7. h4 h6 8. h5
Bh7 9. Bd3 Bxd3 10. Qxd3 e6 11. Qe2 Be7 12. Bd2 Ngf6 13. O-O-O Qc7 14. Ne5 Nxe5
15. dxe5 Nd5 16. c4 Nb4 17. Bxb4 Bxb4 18. f4 Rd8 19. Ne4 Rxd1+ 20. Rxd1 Be7 21.
Qg4 Kf8 22. Qf3 Rg8 23. g4 a5 24. c5 f6 25. Nd6 Bxd6 26. Rxd6 fxe5 27. f5 Qe7
28. fxe6+ Ke8 29. Qd3 Qg5+ 30. Kb1 Rf8 31. Rxc6 Qd8 32. Qg6+ 1-0

[Event "IV Open A Carnevale"]
[Site "Viareggio ITA"]
[Date "1999.02.20"]
[Round "3"]
[White "Bardi, Massimo"]
[Black "Timpani, Nicola"]
[Result "0-1"]
[WhiteElo "1797"]
[BlackElo "2110"]
[PlyCount "82"]
[EventDate "1999.02.19"]

1. e4 d5 2. d4 dxe4 3. Nc3 g6 4. Nxe4 Bg7 5. Nf3 Nf6 6. Bd3 Nbd7 7. O-O O-O 8.
Re1 Nxe4 9. Bxe4 c5 10. Bg5 Nf6 11. c3 cxd4 12. Nxd4 Nxe4 13. Rxe4 f6 14. Qb3+
Kh8 15. Bh4 g5 16. Ne6 Bxe6 17. Qxe6 gxh4 18. Rd4 Qe8 19. Rd7 Qf7 20. Qxf7 Rxf7
21. Rxb7 Kg8 22. Rd1 e6 23. Rdd7 Rxd7 24. Rxd7 f5 25. Rb7 Rd8 26. Kf1 Rd2 27.
Ke1 h3 28. gxh3 Rxb2 29. Rxb2 Bxc3+ 30. Rd2 e5 31. Ke2 Bxd2 32. Kxd2 Kf7 33.
Kd3 Kg6 34. Ke3 Kg5 35. Kf3 Kh4 36. Kg2 a6 37. a4 a5 38. f3 h5 39. Kh1 Kxh3 40.
Kg1 h4 41. Kh1 e4 0-1

[Event "IV Open A Carnevale"]
[Site "Viareggio ITA"]
[Date "1999.02.20"]
[Round "3"]
[White "Bondielli, Giorgio"]
[Black "Femiano, Andrea"]
[Result "1-0"]
[WhiteElo "1843"]
[BlackElo "2188"]
[PlyCount "74"]
[EventDate "1999.02.19"]

1. e4 c5 2. d4 e6 3. Bc4 cxd4 4. Nf3 Nc6 5. O-O d6 6. c3 d3 7. Nd4 Qc7 8. Qxd3
a6 9. Bb3 Nf6 10. Bg5 Be7 11. Nd2 O-O 12. N2f3 Rd8 13. Rad1 Ne5 14. Qe2 Nxf3+
15. Qxf3 b6 16. Rfe1 Bd7 17. Bc2 Qc5 18. Bh4 Kf8 19. Bb3 Rac8 20. Re2 b5 21.
Rde1 e5 22. Nf5 Be6 23. Bxe6 fxe6 24. Nxe7 Kxe7 25. Qh5 Rf8 26. Qxh7 Rf7 27.
Qg6 b4 28. Rc2 Qa5 29. cxb4 Qxb4 30. Rce2 Rc2 31. Qg3 Qxb2 32. Rxc2 Qxc2 33.
Qa3 Qc6 34. f3 Kf8 35. Rc1 Qb6+ 36. Bf2 Qb8 37. Qxa6 Rc7 1-0

[Event "IV Open A Carnevale"]
[Site "Viareggio ITA"]
[Date "1999.02.20"]
[Round "3"]
[White "Cappellari, Mario"]
[Black "Ferraro, Francesco"]
[Result "0-1"]
[WhiteElo "1615"]
[BlackElo "2044"]
[PlyCount "147"]
[EventDate "1999.02.19"]

1. e4 e5 2. Nf3 Nf6 3. d3 Nc6 4. g3 d5 5. Nbd2 Bc5 6. Bg2 dxe4 7. dxe4 O-O 8.
O-O h6 9. Qe2 Bg4 10. c3 a5 11. h3 Bxf3 12. Nxf3 Qe7 13. Be3 Bxe3 14. Qxe3 Rad8
15. Rad1 Rxd1 16. Rxd1 Rd8 17. Rxd8+ Qxd8 18. Qe2 Qd6 19. Nh4 g6 20. Bf3 Qe6
21. Qb5 b6 22. a3 Nd8 23. g4 Nb7 24. Bg2 Nc5 25. f3 Qd6 26. Qe2 Ne6 27. Bf1 Nf4
28. Qc2 Nd7 29. b4 Qe7 30. Qf2 axb4 31. axb4 Nf8 32. Kh2 N8e6 33. Ng2 Nxg2 34.
Bxg2 Qf6 35. Qd2 Qf4+ 36. Qxf4 Nxf4 37. Bf1 g5 38. Kg3 Kf8 39. h4 Ke7 40. hxg5
hxg5 41. Kf2 Kd6 42. Ke3 c5 43. bxc5+ Kxc5 44. Bd3 Ng2+ 45. Kf2 Nh4 46. Ke3 Ng6
47. Be2 Ne7 48. Bf1 Nc8 49. Be2 Nd6 50. Kd3 b5 51. Bf1 Nc4 52. Be2 Kb6 53. Bf1
Ka5 54. Be2 Ka4 55. Kc2 Ka3 56. Kd3 Kb2 57. Bd1 f6 58. Be2 Kc1 59. Bf1 Kd1 60.
Bh3 Nb2+ 61. Ke3 Kc2 62. Bf1 Nd1+ 63. Ke2 Nxc3+ 64. Ke3 b4 65. Bd3+ Kb3 66. Kd2
Ka3 67. Kc1 Na4 68. Kd2 Nc5 69. Bb1 Kb2 70. Bc2 b3 71. Bd1 Na4 72. Kd3 Nc3 73.
Bxb3 Kxb3 74. Kd2 0-1

[Event "IV Open A Carnevale"]
[Site "Viareggio ITA"]
[Date "1999.02.20"]
[Round "3"]
[White "Ficco, Corrado"]
[Black "Orlando, Luigi"]
[Result "1/2-1/2"]
[WhiteElo "2193"]
[BlackElo "1791"]
[PlyCount "89"]
[EventDate "1999.02.19"]

1. e4 d6 2. d4 Nf6 3. Nc3 g6 4. f3 Bg7 5. Be3 O-O 6. Qd2 e5 7. Nge2 Nc6 8.
O-O-O exd4 9. Nxd4 Nxd4 10. Bxd4 a6 11. Kb1 b5 12. g4 Bd7 13. g5 Nh5 14. Bxg7
Kxg7 15. e5 Bc6 16. Ne4 Bxe4 17. fxe4 dxe5 18. Be2 Qxd2 19. Rxd2 Nf4 20. Bg4
Rad8 21. Rhd1 Rxd2 22. Rxd2 h5 23. gxh6+ Kxh6 24. b3 Kg5 25. Bf3 Ne6 26. c3 Kf4
27. Bh1 Rd8 28. Rf2+ Ke3 29. Rf3+ Ke2 30. Kb2 Nf4 31. Rg3 Rd2+ 32. Ka3 Rd3 33.
Kb4 Rxg3 34. hxg3 Nd3+ 35. Ka5 Nc1 36. Kxa6 Nxa2 37. Kxb5 Nxc3+ 38. Kc6 Ke3 39.
Kxc7 Kd4 40. b4 f5 41. exf5 gxf5 42. Kd6 e4 43. Ke6 Ne2 44. b5 Kc5 45. Kxf5
1/2-1/2

[Event "IV Open A Carnevale"]
[Site "Viareggio ITA"]
[Date "1999.02.20"]
[Round "3"]
[White "Laketic, Gojko"]
[Black "Metrangolo, Antonio"]
[Result "1-0"]
[WhiteElo "2396"]
[BlackElo "1966"]
[PlyCount "71"]
[EventDate "1999.02.19"]

1. d4 d6 2. Nf3 Nf6 3. c4 Nbd7 4. Nc3 e5 5. e4 Be7 6. Be2 c6 7. O-O O-O 8. d5
cxd5 9. cxd5 a6 10. a4 Nc5 11. Nd2 b6 12. b4 Nb7 13. Nb3 Bd7 14. Be3 Be8 15.
Qd2 Nd7 16. a5 b5 17. Rfc1 Nb8 18. Rc2 Bd7 19. Rac1 f5 20. f3 f4 21. Bb6 Qe8
22. Nd1 Bd8 23. Nf2 Qh5 24. Nc5 dxc5 25. bxc5 Bc8 26. c6 Nd6 27. Bxd8 Rxd8 28.
c7 Rf8 29. Qb4 Qg6 30. cxb8=Q Rxb8 31. Rc6 Rd8 32. Nd3 Bh3 33. Bf1 Rbc8 34.
Nxe5 Qg5 35. Rxc8 Rxc8 36. Nc6 1-0

[Event "IV Open A Carnevale"]
[Site "Viareggio ITA"]
[Date "1999.02.20"]
[Round "3"]
[White "Marson, Paolo Giuseppe"]
[Black "Megli, Massimo"]
[Result "0-1"]
[WhiteElo "1639"]
[BlackElo "1719"]
[PlyCount "54"]
[EventDate "1999.02.19"]

1. d4 Nf6 2. c4 g6 3. Nc3 Bg7 4. e4 d6 5. f3 O-O 6. Be3 Nc6 7. Qd2 Bd7 8. Nge2
a6 9. g4 e5 10. d5 Ne7 11. h4 b5 12. Ng3 bxc4 13. Bxc4 c6 14. h5 cxd5 15. Nxd5
Nexd5 16. Bxd5 Nxd5 17. Qxd5 Be6 18. Qd2 d5 19. hxg6 fxg6 20. Qh2 Rxf3 21.
Qxh7+ Kf7 22. Rf1 Rxf1+ 23. Nxf1 d4 24. Bd2 Bxg4 25. Rc1 Bh5 26. Bh6 Qh4+ 27.
Kd2 Qf2+ 0-1

[Event "IV Open A Carnevale"]
[Site "Viareggio ITA"]
[Date "1999.02.20"]
[Round "3"]
[White "Menchetti, Carlo"]
[Black "Pieraccini, Riccardo"]
[Result "1-0"]
[WhiteElo "1825"]
[BlackElo "1660"]
[PlyCount "57"]
[EventDate "1999.02.19"]

1. e4 d6 2. d4 Nf6 3. Nc3 e6 4. Nf3 Be7 5. Bd3 Nbd7 6. O-O O-O 7. Qe2 e5 8. Bg5
exd4 9. Nxd4 Ne5 10. f4 Nxd3 11. Qxd3 Nd7 12. Bxe7 Qxe7 13. Rae1 Nc5 14. Qg3 a6
15. e5 Qd7 16. exd6 Qxd6 17. Rd1 Qb6 18. Nd5 Qxb2 19. f5 f6 20. Qxc7 Nd7 21.
Ne6 Re8 22. Qg3 g5 23. Ndc7 Nb6 24. Nxe8 Bxe6 25. Nxf6+ Qxf6 26. fxe6 Qe7 27.
Rf7 Qxe6 28. Rxb7 Qf6 29. Qb3+ 1-0

[Event "IV Open A Carnevale"]
[Site "Viareggio ITA"]
[Date "1999.02.20"]
[Round "3"]
[White "Pastorini, Mario"]
[Black "Picard, Joel"]
[Result "1-0"]
[WhiteElo "2161"]
[BlackElo "1633"]
[PlyCount "69"]
[EventDate "1999.02.19"]

1. c4 Nf6 2. Nc3 g6 3. g3 Bg7 4. Bg2 O-O 5. Nf3 d6 6. O-O e5 7. d3 Re8 8. Nd2
Na6 9. Rb1 c6 10. b4 d5 11. b5 Nc7 12. bxc6 bxc6 13. Qa4 Qd7 14. Ba3 Qe6 15.
Qa5 Na6 16. cxd5 cxd5 17. Nxd5 Rb8 18. Rxb8 Nxb8 19. Nc7 Qb6 20. Qxb6 axb6 21.
Nxe8 Nxe8 22. Rb1 Be6 23. Rxb6 Nd7 24. Rb7 Nef6 25. Bc6 h6 26. Bb4 Bd5 27. Bxd5
Nxd5 28. Rxd7 Nxb4 29. a4 f5 30. a5 Bf8 31. Nb3 Na6 32. Ra7 Nb8 33. Rb7 Bd6 34.
Nc5 Nc6 35. Rb6 1-0

[Event "IV Open A Carnevale"]
[Site "Viareggio ITA"]
[Date "1999.02.20"]
[Round "3"]
[White "Rebeggiani, Andrea"]
[Black "Maccario, Mauro"]
[Result "0-1"]
[WhiteElo "1708"]
[BlackElo "1824"]
[PlyCount "102"]
[EventDate "1999.02.19"]

1. e4 c5 2. f4 e6 3. Nf3 a6 4. d3 Nc6 5. g3 d6 6. Bg2 g6 7. O-O Bg7 8. Nc3 Nge7
9. h3 O-O 10. g4 f5 11. Ne2 Nd4 12. Nexd4 cxd4 13. Qe1 Qc7 14. Qf2 Nc6 15. Bd2
Bd7 16. Rfc1 e5 17. gxf5 gxf5 18. fxe5 dxe5 19. Qh4 f4 20. c3 Qd6 21. c4 Rf6
22. Kh2 Rh6 23. Qf2 Bf6 24. Rh1 Kf7 25. Kg1 Rg8 26. Kf1 Rhg6 27. Ne1 Rg3 28.
Ke2 Bh4 29. Qf1 Qg6 30. Rh2 Rg5 31. Bxf4 exf4 32. Qxf4+ Qf6 33. Qxf6+ Kxf6 34.
Bf1 Bxe1 35. Rxe1 Ne5 36. Rf2+ Ke7 37. Kd2 Rg3 38. Be2 Bxh3 39. Rh1 R8g7 40.
Rf4 Bg4 41. Bxg4 R3xg4 42. Rf2 Rg3 43. Kc2 Rg2 44. Rh2 Rxf2+ 45. Rxf2 Rf7 46.
Rh2 Ng4 47. Rh4 Ne3+ 48. Kb3 Rf2 49. e5 Nf5 50. Re4 h5 51. c5 h4 0-1

[Event "IV Open A Carnevale"]
[Site "Viareggio ITA"]
[Date "1999.02.20"]
[Round "3"]
[White "Scalcione, Michelangelo"]
[Black "Vezzosi, Paolo"]
[Result "1-0"]
[WhiteElo "1966"]
[BlackElo "2339"]
[PlyCount "45"]
[EventDate "1999.02.19"]

1. Nf3 Nf6 2. c4 e6 3. Nc3 d5 4. d4 Be7 5. Bf4 O-O 6. Qc2 c5 7. dxc5 dxc4 8.
Rd1 Qa5 9. Bd6 Nc6 10. Ne5 Bxd6 11. Nxc6 Qxc5 12. Nd4 Bd7 13. e3 Rac8 14. Be2
Bb8 15. a4 a6 16. O-O e5 17. Nf5 Bc6 18. e4 g6 19. Qd2 Bxe4 20. Nh6+ Kh8 21.
Qg5 Rc6 22. Ng4 Nxg4 23. Nxe4 1-0

[Event "VIII Weekend A"]
[Site "Ceriano Laghetto ITA"]
[Date "1999.02.06"]
[Round "1"]
[White "Agrifoglio, Fabio"]
[Black "Vancini, Edoardo"]
[Result "0-1"]
[WhiteElo "2028"]
[BlackElo "2249"]
[PlyCount "40"]
[EventDate "1999.02.06"]

1. g3 d5 2. Bg2 e5 3. d3 Nf6 4. Nf3 Bd6 5. O-O O-O 6. c4 dxc4 7. dxc4 Nc6 8.
Nc3 h6 9. Ne1 Bg4 10. Nc2 Qc8 11. Be3 Bh3 12. Qc1 Bxg2 13. Kxg2 Ng4 14. c5 Be7
15. b4 Qf5 16. Nd5 Qe4+ 17. Kh3 Qxd5 18. Kxg4 Qg2 19. h4 f5+ 20. Kh5 Kh7 0-1

[Event "VIII Weekend A"]
[Site "Ceriano Laghetto ITA"]
[Date "1999.02.06"]
[Round "1"]
[White "Barlocco, Carlo"]
[Black "Tramalloni, Luca"]
[Result "1-0"]
[WhiteElo "2245"]
[BlackElo "1909"]
[PlyCount "41"]
[EventDate "1999.02.06"]

1. Nf3 Nf6 2. g3 b6 3. Bg2 Bb7 4. O-O e6 5. d4 c5 6. c4 cxd4 7. Qxd4 d6 8. Nc3
a6 9. b3 Be7 10. Ba3 Qc7 11. Rfd1 d5 12. Bxe7 Kxe7 13. cxd5 exd5 14. Rac1 Qd8
15. e4 Nc6 16. Nxd5+ Nxd5 17. Qxd5 Qc7 18. Nd4 Rac8 19. Bh3 Rcd8 20. Nxc6+ Bxc6
21. Qg5+ 1-0

[Event "VIII Weekend A"]
[Site "Ceriano Laghetto ITA"]
[Date "1999.02.06"]
[Round "1"]
[White "Crippa, Gabriele"]
[Black "Galli, Fabio"]
[Result "1/2-1/2"]
[WhiteElo "2148"]
[BlackElo "1900"]
[PlyCount "118"]
[EventDate "1999.02.06"]

1. d4 d5 2. Nf3 Nf6 3. Bf4 e6 4. e3 c5 5. c3 Nc6 6. Bd3 Be7 7. O-O c4 8. Bc2
Nh5 9. Be5 Nxe5 10. dxe5 g6 11. Nbd2 Bd7 12. Qe2 Qc7 13. Rac1 Bc6 14. b3 b5 15.
Nd4 Ng7 16. bxc4 bxc4 17. Nxc4 O-O 18. Nd2 Ba3 19. Rb1 Bd7 20. Qa6 Bc5 21. Qb7
Rfc8 22. Bd3 Bb6 23. Qxc7 Rxc7 24. Rbc1 Ba5 25. Ne2 Rb8 26. Nb3 Bb6 27. Rc2 Ba4
28. Rfc1 Bc5 29. Rb1 Rcb7 30. Ned4 Nf5 31. Re1 Bxd4 32. cxd4 Bxb3 33. axb3 Rxb3
34. Bxf5 gxf5 35. h4 a5 36. Ra2 Ra8 37. Rea1 Rb5 38. Kh2 Kf8 39. Kg3 Ke7 40.
Rc1 a4 41. Kf4 Rb7 42. f3 Rba7 43. g4 fxg4 44. fxg4 h6 45. e4 dxe4 46. Kxe4 Rg8
47. Kf4 Rb8 48. Rc4 a3 49. Rc3 Rb4 50. Ke4 Rba4 51. h5 f6 52. Rb3 fxe5 53. Kxe5
R7a5+ 54. Ke4 Rg5 55. Rb7+ Kd6 56. Rb6+ Kd7 57. Kf3 Rd5 58. Rb3 Rdxd4 59. Raxa3
Rf4+ 1/2-1/2

[Event "VIII Weekend A"]
[Site "Ceriano Laghetto ITA"]
[Date "1999.02.06"]
[Round "1"]
[White "Everet, Alexandro"]
[Black "Aglietti, Graziano"]
[Result "1/2-1/2"]
[WhiteElo "2253"]
[BlackElo "2039"]
[PlyCount "134"]
[EventDate "1999.02.06"]

1. d4 Nf6 2. c4 g6 3. Nc3 d5 4. cxd5 Nxd5 5. e4 Nxc3 6. bxc3 Bg7 7. Bc4 c5 8.
Ne2 O-O 9. O-O Nc6 10. Be3 Bg4 11. f3 Na5 12. Bb3 cxd4 13. cxd4 Bd7 14. Rb1 a6
15. d5 Bb5 16. Rf2 Bxe2 17. Rxe2 Rc8 18. Bd4 Nxb3 19. Bxg7 Qb6+ 20. Kh1 Kxg7
21. Rxb3 Qc7 22. g3 Qc1 23. Qxc1 Rxc1+ 24. Kg2 b5 25. Ra3 Ra8 26. Rb2 Rc5 27.
Ra5 Rcc8 28. Kf2 Kf6 29. f4 Kg7 30. Ke2 Rc4 31. Kd3 f5 32. exf5 Rd8 33. fxg6
Rxd5+ 34. Ke3 hxg6 35. Rxa6 e5 36. Ra5 exf4+ 37. gxf4 Rdd4 38. Raxb5 Re4+ 39.
Kd3 Red4+ 40. Ke2 Rxf4 41. R5b3 Rh4 42. Kf1 Rhf4+ 43. Kg2 Ra4 44. a3 Rg4+ 45.
Kh1 Rac4 46. h3 Rc1+ 47. Kh2 Ra4 48. Ra2 Rcc4 49. Rg2 Rc6 50. Rg4 Ra5 51. a4
Rc2+ 52. Kh1 Rc1+ 53. Kg2 Ra1 54. Rbb4 Ra2+ 55. Kf1 Rc5 56. Rbc4 Rd5 57. Rgd4
Rf5+ 58. Rf4 Rd5 59. Rf2 Ra3 60. h4 Ra5 61. Rff4 Ra2 62. Ke1 Re5+ 63. Rfe4 Rf5
64. Re2 Ra1+ 65. Kd2 Ra2+ 66. Kd3 Ra3+ 67. Kd2 Ra2+ 1/2-1/2

[Event "VIII Weekend A"]
[Site "Ceriano Laghetto ITA"]
[Date "1999.02.06"]
[Round "1"]
[White "Lapiccirella, Mattia"]
[Black "Barbero, Gerardo F."]
[Result "0-1"]
[WhiteElo "2077"]
[BlackElo "2462"]
[PlyCount "46"]
[EventDate "1999.02.06"]

1. d4 Nf6 2. c4 c5 3. d5 d6 4. Nc3 g6 5. e4 Bg7 6. Nf3 O-O 7. Be2 e6 8. O-O Re8
9. Nd2 Na6 10. f4 exd5 11. cxd5 c4 12. e5 dxe5 13. Nxc4 exf4 14. Bxf4 Ne4 15.
Bf3 Nac5 16. Nb5 g5 17. Be3 Bd7 18. Bxe4 Nxe4 19. Nd4 b5 20. Na3 Nd6 21. Qf3 f5
22. Rae1 Qf6 23. b3 Rxe3 0-1

[Event "VIII Weekend A"]
[Site "Ceriano Laghetto ITA"]
[Date "1999.02.06"]
[Round "1"]
[White "Pace, Roberto"]
[Black "Candura, Stefano"]
[Result "1-0"]
[WhiteElo "1839"]
[BlackElo "2109"]
[PlyCount "99"]
[EventDate "1999.02.06"]

1. e4 e6 2. Qe2 c5 3. g3 Nc6 4. c3 g6 5. Bg2 Bg7 6. f4 Nge7 7. Nf3 d6 8. d3 Bd7
9. Be3 O-O 10. O-O Qc7 11. Na3 a6 12. Rac1 Rac8 13. d4 cxd4 14. Nxd4 d5 15. e5
Nxd4 16. Bxd4 Qa5 17. g4 b5 18. Qf2 Rfe8 19. Bc5 Nc6 20. Bf3 Qc7 21. Bd6 Qa7
22. Qxa7 Nxa7 23. Nc2 Nc6 24. Nd4 Bf8 25. Bxf8 Rxf8 26. Nxc6 Bxc6 27. Kf2 Rc7
28. Ke3 Rfc8 29. a3 Bb7 30. Be2 Rc5 31. Kd4 R5c7 32. Rg1 Kf8 33. Rg3 Bc6 34.
Rcg1 Bd7 35. Rh3 Kg7 36. Bd3 Rh8 37. f5 h6 38. fxg6 fxg6 39. Rf3 Rf8 40. Rxf8
Kxf8 41. Bxg6 Kg7 42. Bd3 Be8 43. Rf1 Rf7 44. Rxf7+ Bxf7 45. Kc5 Bg6 46. Bxg6
Kxg6 47. Kd6 Kf7 48. b4 a5 49. bxa5 b4 50. axb4 1-0

[Event "VIII Weekend A"]
[Site "Ceriano Laghetto ITA"]
[Date "1999.02.06"]
[Round "1"]
[White "Zanellato, Lorenzo"]
[Black "Cazzaniga, Walter"]
[Result "1/2-1/2"]
[WhiteElo "1902"]
[BlackElo "2151"]
[PlyCount "90"]
[EventDate "1999.02.06"]

1. Nf3 Nf6 2. c4 g6 3. Nc3 Bg7 4. e4 d6 5. d4 O-O 6. Be2 e5 7. O-O Nc6 8. d5
Ne7 9. b4 Ne8 10. c5 f5 11. Ng5 Nf6 12. Bf3 h6 13. Ne6 Bxe6 14. dxe6 fxe4 15.
Nxe4 Nxe4 16. Bxe4 d5 17. Bc2 c6 18. Bb2 Qc8 19. Qg4 Rf4 20. Qg3 g5 21. Rae1
Qxe6 22. Qe3 e4 23. Bxg7 Nf5 24. Qc3 Nxg7 25. f3 Qf6 26. Qxf6 Rxf6 27. fxe4
Rxf1+ 28. Rxf1 dxe4 29. Bxe4 Rf8 30. Rxf8+ Kxf8 31. Kf2 Ke7 32. Ke3 Kf6 33. g3
Ke5 34. Bg6 Ne6 35. h3 a5 36. bxa5 Nxc5 37. Bc2 Na6 38. Bb3 Nc5 39. Bc2 Ne6 40.
Bd3 Nd4 41. a6 bxa6 42. Bxa6 Nc2+ 43. Kd2 Nb4 44. Bb7 Nxa2 45. Bxc6 Nb4 1/2-1/2

[Event "VIII Weekend A"]
[Site "Ceriano Laghetto ITA"]
[Date "1999.02.07"]
[Round "2"]
[White "Aglietti, Graziano"]
[Black "Zanellato, Lorenzo"]
[Result "1-0"]
[WhiteElo "2039"]
[BlackElo "1902"]
[PlyCount "31"]
[EventDate "1999.02.06"]

1. e4 c6 2. d4 d5 3. Nc3 dxe4 4. Nxe4 Nd7 5. Nf3 Ngf6 6. Ng3 c5 7. Bd3 e6 8.
O-O Bd6 9. Re1 O-O 10. Ne4 Nxe4 11. Rxe4 Be7 12. Qe2 cxd4 13. Rxd4 Bf6 14. Rc4
Qa5 15. Qe4 Qh5 16. g4 1-0

[Event "VIII Weekend A"]
[Site "Ceriano Laghetto ITA"]
[Date "1999.02.07"]
[Round "2"]
[White "Barbero, Gerardo F."]
[Black "Barlocco, Carlo"]
[Result "1-0"]
[WhiteElo "2462"]
[BlackElo "2245"]
[PlyCount "29"]
[EventDate "1999.02.06"]

1. c4 Nf6 2. d4 c6 3. Nf3 d5 4. Nc3 e6 5. e3 Bd6 6. Bd3 Nbd7 7. O-O O-O 8. e4
dxc4 9. Bxc4 e5 10. Bg5 h6 11. Bh4 b5 12. Bb3 b4 13. Na4 g5 14. Bg3 Nxe4 15.
Qc2 1-0

[Event "VIII Weekend A"]
[Site "Ceriano Laghetto ITA"]
[Date "1999.02.07"]
[Round "2"]
[White "Candura, Stefano"]
[Black "Agrifoglio, Fabio"]
[Result "1/2-1/2"]
[WhiteElo "2109"]
[BlackElo "2028"]
[PlyCount "105"]
[EventDate "1999.02.06"]

1. d4 Nf6 2. Nf3 g6 3. c4 Bg7 4. Nc3 O-O 5. e4 d6 6. Be2 e5 7. dxe5 dxe5 8.
Qxd8 Rxd8 9. Bg5 Re8 10. O-O c6 11. Rfd1 h6 12. Be3 Na6 13. h3 Bf8 14. Ne1 Be6
15. Nc2 Kg7 16. Rd2 Bc5 17. Rad1 Bxe3 18. Nxe3 Nc5 19. f3 a5 20. Ng4 Bxg4 21.
hxg4 Ne6 22. Bf1 Red8 23. Rxd8 Rxd8 24. Rxd8 Nxd8 25. Kf2 Ne6 26. Bd3 Kf8 27.
a3 Ke7 28. Ke3 Kd6 29. b4 axb4 30. axb4 b6 31. Ne2 c5 32. b5 Ne8 33. Nc3 N8c7
34. Nd5 Nxd5+ 35. exd5 Nf4 36. Bf1 g5 37. g3 Ng6 38. Bd3 Ne7 39. Be4 Ng8 40.
Bf5 Nf6 41. f4 exf4+ 42. gxf4 Ke7 43. Kf3 Ne8 44. Ke3 Kf6 45. Bd3 Nd6 46. Kf3
Ne8 47. Ke3 Ng7 48. Be2 Ke7 49. Ke4 Ne8 50. Bd3 Nd6+ 51. Ke3 Kf6 52. Kf3 Kg7
53. Ke3 1/2-1/2